000 00622nam a2200169 a 4500
001 000007377
005 20250502073818.0
008 090908s1999 dr 001 0 spa d
040 _aDO-SdBNP
082 _aXXXX
_bI598e
110 1 _aRepública Dominicana.
_bOficina Nacional de Administración y Personal
_926398
245 1 0 _aInstructivo de evaluación del personal civil del poder ejecutivo :
_bresolución núm. 12-99 (deroga y sustituye la resolución núm. 5-96 de fecha 15 de agosto de 1996).
260 _aSanto Domingo :
_bONAP,
_c1999.
300 _a73 p. ;
_c21 cm.
500 _aIncluye anexos
049 _aBNPD
999 _c7158
_d7158